000 00576nam a2200181 i 4500
001 63057
003 ES-MaACL
005 20250911063534.0
007 t|
008 031128s1914 sp ||||1| spa d
100 1 _aFernández de Velasco, Recaredo,
_dn. 1889-
_949721
245 1 3 _aEl derecho de revolución y la revolución conforme a derecho /
_cpor Recaredo Fernández de Velasco.
260 _aMadrid :
_b[s.n.,
_c1914] (
_fImp. Artística)
300 _a194 p. ;
_c24 cm.
502 _aTesis doctoral.
852 _aES-MaACL
_jF-7253
999 _c63057
_d63057